000 00592nam a2200217Ia 4500
005 20250923145219.0
008 008 250917s9999 xx 000 0 eng d
037 _aTextual
040 _aDSWL
_beng
_cDSWL
041 _aeng
_2eng
084 _aY8x, N70
_qDSWL
100 _aGrusky, Oscar
_9832969
245 0 _aSociology of Organizations
_cby Oscar Grusky
260 _aNew York
_b Free Press
_c1970
300 _a120p.
365 _aUSD
_b11.95
700 _aGeorge Miller
_9832970
925 _g11.95
942 _cTEXL
_hY8x, N70
999 _c1448535
_d1448535